000 01833nam a2200505 i 4500
001 15117
003 KOSZ 005
005 20200401120834.0
008 200401s1972 pl a f 000 0 pol
015 _aPB 1972/9659
035 _a991034486259705066
035 _a(PL-WaBN)b19222233-48omnis_nlop
035 _ab19222233
035 _a(OCoLC)830837165
035 _a(PL)b0000001922223
035 _a(EXLNZ-48OMNIS_NETWORK)9910375043005606
040 _aWA N
_cWA N
_dKOSZ 005/KK
_dKOSZ 005/RW
046 _k1972
080 _a669
080 _a658.56
100 1 _aGóral, Rajmund
_eAutor
245 1 0 _aOrganizacja oddziału przygotowania materiałów do produkcji /
_cRajmund Góral.
260 _aWarszawa :
_bWydawnictwa Naukowo-Techniczne,
_c1972.
300 _a156 stron :
_bilustracje ;
_c24 cm.
336 _aTekst
_btxt
_2rdacontent
337 _aBez urządzenia pośredniczącego
_bn
_2rdamedia
338 _aWolumin
_bnc
_2rdacarrier
380 _aKsiążki
380 _aPublikacje fachowe
388 _a1901-2000
490 1 _aBiblioteka Organizatora Produkcji
504 _aBibliografia na stronach 155-156.
521 8 _aDla pracowników inżynieryjno-technicznych i ekonomicznych zajmujących się problematyką gospodarki materiałowej oraz organizacji przedsiębiorstw.
650 7 _aHutnictwo
650 7 _aPrzedsiębiorstwo
650 7 _aMagazynowanie
650 7 _aWyroby przemysłowe
658 _aInżynieria i technika
658 _aGospodarka, ekonomia, finanse
710 2 _aWydawnictwa Naukowo-Techniczne
_4pbl
830 0 _aBiblioteka Organizatora Produkcji
856 _uhttp://koha.tu.koszalin.pl/cgi-bin/koha/opac-detail.pl?biblionumber=15117
_yKatalog online BPK
942 _2UKD
_cKS
999 _c15117
_d15117